| 000 | 02197nam0a2200361 4500 | ||
|---|---|---|---|
| 001 | RU\NLR\bibl\1485443 | ||
| 005 | 20260407221132.0 | ||
| 010 |
_a978-5-98709-187-6 _9200 |
||
| 021 |
_aRU _b2010-2344 _9141 |
||
| 035 | _a(NLR Aleph) 001477062 | ||
| 090 |
_a1679885 _c1679885 |
||
| 100 | _a20100316d2009 |||y0rusy50 ca | ||
| 101 | 0 |
_arus _aeng |
|
| 102 | _aRU | ||
| 105 | _ay ||||||||| | ||
| 200 | 1 |
_aСборник тезисов Международной научной конференции "Каспар Фридрих Вольф и современная биология развития", 24-25 ноября 2009, Санкт-Петербург _dAbstracts submitted for International academic conference "Caspar Friedrich Wolff and modern developmental biology", 24th-25th November 2009, Saint Petersburg _zeng |
|
| 210 |
_aСанкт-Петербург _cЛЕМА _d2009 |
||
| 215 |
_a64 с. _d21 |
||
| 300 | _aЧасть текста на англ. яз. | ||
| 320 | _aБиблиогр. в конце отд. тез. | ||
| 510 | 1 |
_6z01791 _aAbstracts submitted for International academic conference "Caspar Friedrich Wolff and modern developmental biology", 24th-25th November 2009, Saint Petersburg _zeng |
|
| 600 | 1 |
_aВольф _bК.Ф. _f1734 - 1794 _gКаспар Фридрих _91157828 _3RU\NLR\auth\66144828 |
|
| 606 | 1 |
_aОнтогенез _jТезисы докладов _9974089 _3RU\NLR\auth\6646964 |
|
| 686 | _aЕ.д(2)Вольф | ||
| 686 | _aЕ03я43 | ||
| 702 | 1 |
_aВольф _bК. Ф. _f1734-1794 _gКаспар Фридрих _4570 |
|
| 710 | 1 | 2 |
_a"Каспар Фридрих Вольф и современная биология развития", международная научная конференция _f2009 _eСанкт-Петербург _3RU\NLR\AUTH\8810147893 _9790261 |
| 791 | 1 | 2 |
_8eng _a"Caspar Friedrich Wolff and modern Developmental Biology", international academic conference _f2009 _eSaint Petersburg _7ba _3RU\NLR\auth\8810147902 _9790276 |
| 801 | 0 |
_aRU _bNLR _c20100316 _gRCR |
|
| 801 | 1 |
_aRU _bNLR _c20100316 |
|
| 942 | _cBOOK | ||
| 980 | _aNB | ||